The IMF and Ghana : the confidential record /

Bibliographic Details
Other Authors: Hutchful, Eboe
Format: Book
Language:English
Published: London ; New Jersey : Institute for African Alternatives : Zed, 1987.
Subjects:

MARC

Tag First Indicator Second Indicator Subfields
LEADER 00000cam a22000008a 4500
001 in00000026103
005 20151007055816.0
008 870225s1987 enk b 00000 eng d
010 |a gb 87013706  
015 |a GB87-13706 
020 |a 0862326141 (cased) :  |c £22.95 (May) 
020 |a 086232615X (pbk) :  |c £7.95 
035 |a (OCoLC)15550891 
035 |9 AAB9317AM 
040 |a UKM  |c UKM  |d m/c  |d TXA  |d UtOrBLW 
043 |a f-gh--- 
049 |a TXAM  |c [A11111536] 
050 4 |a HC1060  |b .I43 1987 
082 0 |a 330.9667/05  |2 19 
245 0 4 |a The IMF and Ghana :  |b the confidential record /  |c Eboe Hutchful. 
264 1 |a London ;  |a New Jersey :  |b Institute for African Alternatives :  |b Zed,  |c 1987. 
300 |a 298 pages ;  |c 22 cm. 
336 |a text  |b txt  |2 rdacontent 
337 |a unmediated  |b n  |2 rdamedia 
338 |a volume  |b nc  |2 rdacarrier 
504 |a Bibliography: pages 290-298. 
610 2 0 |a International Monetary Fund. 
651 0 |a Ghana  |x Economic conditions  |y 1979- 
700 1 |a Hutchful, Eboe. 
999 |a MARS 
999 f f |s b7ffba09-1893-386c-8eba-da75f49b5f1d  |i 92c6d621-1380-36b8-a1c1-e62424a007d5  |t 0 
952 f f |p normal  |a Texas A&M University  |b College Station  |c Sterling C. Evans Library  |d Evans: Library Stacks  |t 0  |e HC1060 .I43 1987  |h Library of Congress classification  |i unmediated -- volume  |m A14811111536 
998 f f |a HC1060 .I43 1987  |t 0  |l Evans: Library Stacks